| 000 | 00345nam a2200121Ia 4500 | ||
|---|---|---|---|
| 008 | 160609s9999 xx 000 0 und d | ||
| 100 | _aFreeman, Michael. | ||
| 245 | 4 | _aThe Low Light Photography Field Guide | |
| 245 | _cBy:Michael Freeman | ||
| 260 | _c2011 | ||
| 650 | _xPHOTOGRAPHY | ||
| 856 | _uhttp://file.ebook777.com/008/9781907579790.pdf | ||
| 999 |
_c295789 _d295789 |
||